| 000 | 01875cam a22003855a 4500 | ||
|---|---|---|---|
| 001 | 017534159 | ||
| 003 | Uk | ||
| 005 | 20201128023932.0 | ||
| 008 | 150828s2016 gw a frb 001|0|eng|d | ||
| 015 |
_aGBB5C1957 _2bnb |
||
| 016 | 7 |
_a017534159 _2Uk |
|
| 020 | _a3662479036 | ||
| 020 | _a9783662479032 | ||
| 040 |
_aStDuBDS _beng _cStDuBDS _dEG-ScBUE |
||
| 082 | 0 | 4 |
_222 _a330.0151 _bECO |
| 245 | 0 | 0 |
_aEconomics and computation : _ban introduction to algorithmic game theory, computational social choice, and fair division / _cillustrated by Irene Rothe ; edited by Jörg Rothe. |
| 260 |
_aHeidelberg : _bSpringer-Verlage, _c2016. |
||
| 300 |
_axiii, 612 p. : _bill. ; _c24 cm. |
||
| 490 | 0 | _aSpringer texts in business and economics | |
| 500 | _aIndex : p. 587-612. | ||
| 504 | _aBibliography : p. 551-580. | ||
| 505 | _aPlaying, Voting, and Dividing.- pt. I. Playing Successfully: Noncooperative Game Theory -- Cooperative Game Theory -- pt. II. Voting and Judging: Preference Aggregation by Voting -- The Complexity of Manipulative Actions in Single-Peaked Societies -- Judgement Aggregation --pt. III. Fair Division: Cake-Cutting: Fair Division of Divisible Goods: Fair Division of Indivisible Goods. | ||
| 590 | _aWessam | ||
| 650 | 7 |
_aEconomics, Mathematical. _2BUEsh _91252 |
|
| 650 | 7 |
_aEconometrics. _93215 |
|
| 650 | 7 |
_aGame theory. _2BUEsh _93340 |
|
| 651 | _2BUEsh | ||
| 653 |
_bBUSECO _cOctober2016 |
||
| 653 |
_bBUSADM _cOctober2016 |
||
| 700 | 1 |
_aRothe, Jörg, _eeditor. _941603 |
|
| 700 | 1 |
_aRothe, Irene. _eillustrator. _941604 |
|
| 856 |
_aSpringerLink _qE-Book _uhttp://link.springer.com/book/10.1007/978-3-662-47904-9 _yFull text available on campus |
||
| 856 |
_aSpringerLink _qE-Book _uhttp://41.33.243.106:2048/login?url=http://link.springer.com/book/10.1007/978-3-662-47904-9 _yFull text available off campus |
||
| 942 |
_2ddc _e22 _k330.0151 ECO |
||
| 999 |
_c22812 _d22784 |
||